Microeconomics

Saved in:
Bibliographic Details
Main Author: Ekelund, Robert B.
Other Authors: Tollison, Robert D.
Format: Book
Language:English
Published: Glenview Scott, Foresman and Co. 1988
Edition:2. ed.
Subjects:
Tags: Add Tag
No Tags, Be the first to tag this record!

MARC

LEADER 00000nam a2200000 4500
001 c018902
005 20221206134838.2
020 |a 0-673-39769-6 
041 0 |a eng 
044 |a US 
245 1 0 |a Microeconomics  |c Robert B. Ekelund, Robert D. Tollison 
250 |a 2. ed. 
264 1 |a Glenview  |b Scott, Foresman and Co.  |c 1988 
300 |a 619 s. 
610 2 0 |a mikroekonomika 
610 2 0 |a teória ekonomiky zmiešanej 
610 2 0 |a teória obchodu 
610 2 0 |a analýza ekonomická 
610 2 0 |a nástroje ekonomické 
610 2 0 |a tovar 
610 2 0 |a ponuka 
610 2 0 |a dodávky 
610 2 0 |a rovnováha trhová 
610 2 0 |a pružnosť dopytu 
610 2 0 |a správanie spotrebiteľa 
610 2 0 |a firmy 
610 2 0 |a trh 
610 2 0 |a princíp ekonomický 
610 2 0 |a politika obchodná 
610 2 0 |a vývoj hospodársky 
610 2 0 |a rast hospodársky 
610 2 0 |a obchod medzinárodný 
610 2 0 |a myslenie ekonomické 
100 1 |a Ekelund, Robert B. 
700 1 |a Tollison, Robert D.